000 01159cam a2200301 a 4500
001 617872
003 ARRUPE
005 20151030122313.0
008 920819r19921985inu b 000 0 eng
010 _a 92050408
020 _a0268006385
040 _aDLC
_cDLC
_dDLC
050 1 0 _aBJ1251
_b.H3248 1992
082 0 0 _a241/.62
_220
100 1 _aHauerwas, Stanley,
_d1940-
_96352
245 1 0 _aAgainst the nations :
_bwar and survival in a liberal society /
_cStanley Hauerwas.
260 _aNotre Dame, Ind. :
_bUniversity of Notre Dame Press,
_cc1992.
300 _aviii, 208 p. ;
_c23 cm.
500 _aOriginally published: Minneapolis : Winston Press, 1985.
504 _aIncludes bibliographical references.
650 0 _aChristian ethics
_xMethodist authors.
_920831
650 0 _aWar
_xReligious aspects
_xChristianity.
_920832
650 0 _aPeace
_xReligious aspects
_xChristianity.
_920833
650 0 _aChristian sociology.
_920834
906 _a7
_bcbc
_corignew
_d1
_eocip
_f19
_gy-gencatlg
942 _2lcc
_cMONOGRAPH
999 _c123710
_d123710